00682nmm a2200205Ia 4500008004100000020001800041041000800059100002000067245008000087264010400167300001800271490002400289650002300313700002000336700002100356700002300377856005200400942000700452999001700459251105s9999||||xx |||||||||||||||||und|| a9786071664921 aspa aLarisa, Reisner 0aHamburgo en las barricadas :b Y otros escritos sobre la Alemania de Weimar a[México D.C., Mexico] :bFondo de Cultura Económica, c[Fecha de publicación no identificada] a294 páginas aColección Popular aHistorical fiction aLarisa, Reisner1 a Isabel, Vericat1 a Richard, Chappell uhttps://public.digitaliapublishing.com/a/100253 cCF c67662d67662